Statystyki dla Rejestracje woj.Opolskiego

Kliknij tutaj aby rozwiązać quiz!

Ogólne statystyki

  • Ten quiz został rozwiązany 25 razy
  • Średni wynik to 10 z 12

Statystyki odpowiedzi

HintOdpowiedź% Poprawnych
OPOpole
100%
OPOOpole
100%
OKLKluczbork
90%
OBBrzeg
85%
ONANamysłów
85%
ONYNysa
85%
OGLGłubczyce
80%
OKKędzierzyn-Koźle
80%
OKRKrapkowice
80%
OPRPrudnik
80%
OOLOlesno
75%
OSTStrzelce Opolskie
70%

Rozkład punktacji

Percentyl według liczby udzielonych odpowiedzi

Procent ludzi z każdym wynikiem

Twoja historia wyników

Nie rozwiązałeś tego quizu